Statistics for Characters portrayed by multiple actors

Click here to take the quiz!

General Stats

  • This quiz has been taken 51 times
  • The average score is 8 of 20

Answer Stats

ActorsCharacter% Correct
Adam West, Christian BaleBatman
98%
Sean Connery, Timothy Dalton, George LazenbyJames Bond
98%
Toby Maguire, Paul Soles, Andrew GarfieldSpider-Man
90%
Gene Wilder, Johnny DeppWilly Wonka
78%
Alec Guinness, Ewan McGregorObi-Wan Kenobi
75%
Cate Blanchett, Judi Dench, Miranda RichardsonElizabeth I
73%
River Phoenix, Harrison Ford, Doug LeeIndiana Jones
70%
Faye Dunaway, Madonna, Esther GorisEva Perón
55%
Betty Lou Gerson, Glenn CloseCruella de Vil
35%
Jon Pertwee, Tom Baker, Sylvester McCoyDoctor Who
30%
Anthony Hopkins, Helge Schneider, Bruno GanzAdolf Hitler
18%
Greta Garbo, Vivien Leigh, Keira KnightleyAnna Karenina
15%
Steve Nallon, Meryl Streep, Janet BrownMargaret Thatcher
15%
Lacey Chabert, Mila KunisMeg Griffin
15%
Morgan Freeman, Danny Glover, Terrence HowardNelson Mandela
15%
Jeanne Calvière, Ingrid Bergman, Leelee SobieskiJoan of Arc
13%
Joan Hickson, Margaret Rutherford, Geraldine McEwanMiss Marple
10%
Naomi Watts, Annabelle Wallis, Amy SeccombePrincess Diana
3%
Peter Cushing, John HurtWinston Smith
3%
Eartha Kitt, Grey Delisle, Candy MiloYzma
3%

Score Distribution

Percentile by Number Answered

Percent of People with Each Score

Your Score History

You have not taken this quiz